logo

Bir Sreshtho Munshi Abdur Rouf Library
Jhenaidah Cadet College

The Young Observers / (Record no. 3709)

MARC details
000 -LEADER
fixed length control field 00558nam a2200217 a 4500
001 - CONTROL NUMBER
JCCL Control Number 3709
003 - CONTROL NUMBER IDENTIFIER
JCCL marc code BD-JhCC
005 - DATE AND TIME OF LATEST TRANSACTION
control field 20171230183654.0
008 - FIXED-LENGTH DATA ELEMENTS--GENERAL INFORMATION
fixed length control field 171116s1953 uk a|||| |||| 000 0 eng d
035 ## - SYSTEM CONTROL NUMBER
system control number (BD-JhCC)
040 ## - CATALOGING SOURCE
Original cataloging agency BD-JhCC
Modifying agency BD-JhCC
041 ## - LANGUAGE CODE
Language code of Book eng
082 ## - DEWEY DECIMAL CLASSIFICATION NUMBER
Classification number 507.24
Author mark and Year ALL 1953
100 ## - MAIN ENTRY--PERSONAL NAME
Personal name Allcott, A
245 ## - TITLE STATEMENT
Title The Young Observers /
Statement of responsibility, etc A. Allcott
260 ## - PUBLICATION, DISTRIBUTION, ETC. (IMPRINT)
Place of publication, distribution, etc London :
Name of publisher, distributor, etc Cassell & Company Ltd,
Date of publication, distribution, etc 1953
300 ## - PHYSICAL DESCRIPTION
Pagination 160 p.;
Dimensions 20 cm
490 ## - SERIES STATEMENT
Series statement A simple science series for reading and study
650 ## - SUBJECT ADDED ENTRY--TOPICAL TERM
Topical term or geographic name as entry element Science
942 ## - ADDED ENTRY ELEMENTS (KOHA)
Source of classification or shelving scheme Dewey Decimal Classification
Koha item type Books
Holdings
Source of classification or shelving scheme volume number Damaged status Not for loan Home library Current library Shelving location Date of accession Total Checkouts Full call number Barcode Date last seen Copy number Koha item type
Dewey Decimal Classification V-6     JCC Rouf Library JCC Rouf Library General Stacks 11/16/2017   507.24 ALL 1953 4116 11/16/2017 C-2 Books
Dewey Decimal Classification V-7     JCC Rouf Library JCC Rouf Library General Stacks 11/16/2017   507.24 ALL 1953 4070 11/16/2017 C-3 Books
Dewey Decimal Classification V-6     JCC Rouf Library JCC Rouf Library General Stacks 11/18/2017   507.24 ALL 1953 5672 11/18/2017 C-4 Books
Dewey Decimal Classification V-1     JCC Rouf Library JCC Rouf Library General Stacks 11/18/2017   507.24 ALL 1953 5673 11/18/2017 C-5 Books
Dewey Decimal Classification V-6     JCC Rouf Library JCC Rouf Library General Stacks 11/23/2017   507.24 ALL 1953 5859 11/23/2017 C-6 Books
Dewey Decimal Classification V-7     JCC Rouf Library JCC Rouf Library General Stacks 12/18/2017   507.24 ALL 1953 7892 12/18/2017 C - 7 Books
Dewey Decimal Classification V - 6     JCC Rouf Library JCC Rouf Library General Stacks     507.24 ALL 1953 8425 12/30/2017 C - 8 Books

JCC Library | Contacts | JCC Home

Last Update on 23 September 2017
Copyright @ 2017-2020 JCC Rouf Library
Rouf Library, Jhenidah Cadet College (JCC), Bangladesh